书目信息 |
| 题名: |
东晋风云
|
|
| 作者: | 孙峰 著 | |
| 分册: | 卷三 | |
| 出版信息: | 北京 中国文史出版社 2019 |
|
| 页数: | 338页 | |
| 开本: | 24cm | |
| 丛书名: | ||
| 单 册: | ||
| 中图分类: | K237.209 | |
| 科图分类: | ||
| 主题词: | 古代史--gu dai shi--中国--东晋时代--通俗读物 | |
| 电子资源: | ||
| ISBN: | 978-7-5205-1058-5 | |
| 000 | 00925nam0 2200253 450 | |
| 001 | 2159226256 | |
| 005 | 20210930164229.90 | |
| 010 | @a978-7-5205-1058-5@dCNY59.50 | |
| 100 | @a20190709d2019 em y0chiy50 ea | |
| 101 | 0 | @achi |
| 102 | @aCN@b110000 | |
| 105 | @ay z 000yy | |
| 106 | @ar | |
| 200 | 1 | @a东晋风云@Adong jin feng yun@h卷三@f孙峰著 |
| 210 | @a北京@c中国文史出版社@d2019 | |
| 215 | @a338页@d24cm | |
| 300 | @a认认真真讲历史 | |
| 314 | @a孙峰,河南南阳人,天涯人气作家。 | |
| 330 | @a本书是系列丛书《认认真真讲历史》之一,是东晋部分第三卷。东晋风云讲述从公元317年司马睿对外称晋王、改元建武开始,到第11位皇帝晋恭帝司马德文于元熙二年(公元420年)禅位于刘裕为止,整个东晋朝廷历经4世,共11帝,连绵104年的历史。 | |
| 606 | 0 | @a古代史@Agu dai shi@y中国@z东晋时代@j通俗读物 |
| 690 | @aK237.209@v5 | |
| 701 | 0 | @a孙峰@Asun feng@4著 |
| 801 | 0 | @aCN@b百万庄@c20210925 |
| 905 | @b1298496-99@dK237.209@e135:3@f4 | |
| 东晋风云.卷三/孙峰著.-北京:中国文史出版社,2019 |
| 338页;24cm |
| 认认真真讲历史 |
| ISBN 978-7-5205-1058-5:CNY59.50 |
| 本书是系列丛书《认认真真讲历史》之一,是东晋部分第三卷。东晋风云讲述从公元317年司马睿对外称晋王、改元建武开始,到第11位皇帝晋恭帝司马德文于元熙二年(公元420年)禅位于刘裕为止,整个东晋朝廷历经4世,共11帝,连绵104年的历史。 |
| ● |
| 相关链接 |
|
|
|
|
正题名:东晋风云
索取号:K237.209/135:3
 
预约/预借
| 序号 | 登录号 | 条形码 | 馆藏地/架位号 | 状态 | 备注 |
| 1 | 1298496 | 212984966 | 第二样本阅览室/ [索取号:K237.209/135:3] | 在馆 | |
| 2 | 1298497 | 212984975 | 第二借阅区/ [索取号:K237.209/135:3] | 在馆 | |
| 3 | 1298498 | 212984984 | 第二借阅区/ [索取号:K237.209/135:3] | 在馆 | |
| 4 | 1298499 | 212984993 | 第二借阅区/ [索取号:K237.209/135:3] | 在馆 |